MARC details
| 000 -LEADER |
| fixed length control field |
01552nam a22002537a 4500 |
| 005 - DATE AND TIME OF LATEST TRANSACTION |
| control field |
20260507115207.0 |
| 008 - FIXED-LENGTH DATA ELEMENTS--GENERAL INFORMATION |
| fixed length control field |
260507b |||||||| |||| 00| 0 eng d |
| 022 ## - INTERNATIONAL STANDARD SERIAL NUMBER |
| International Standard Serial Number |
0261-1929 |
| 040 ## - CATALOGING SOURCE |
| Original cataloging agency |
MMSU |
| Transcribing agency |
ULS |
| 210 ## - ABBREVIATED TITLE |
| Abbreviated title |
ATLA |
| 222 ## - KEY TITLE |
| Key title |
Alternatives to Laboratory Animals |
| 245 ## - TITLE STATEMENT |
| Title |
ATLA : |
| Remainder of title |
Alternatives to Laboratory Animals |
| 260 ## - PUBLICATION, DISTRIBUTION, ETC. |
| Place of publication, distribution, etc. |
London: |
| Name of publisher, distributor, etc. |
Sage Publications, |
| Date of publication, distribution, etc. |
2025- |
| 300 ## - PHYSICAL DESCRIPTION |
| Extent |
volumes ; |
| Dimensions |
28 cm. |
| 310 ## - CURRENT PUBLICATION FREQUENCY |
| Current publication frequency |
Six times a year. |
| 362 ## - DATES OF PUBLICATION AND/OR SEQUENTIAL DESIGNATION |
| Dates of publication and/or sequential designation |
Volume 53, Number 2 (March 2025- ) |
| 500 ## - GENERAL NOTE |
| General note |
ATLA is a peer-reviewed journal, intended to cover all aspects of the development, validation, implementation and use of alternatives to laboratory animals in biomedical research and toxicity testing. In addition to the replacement of animals, it also covers work that aims to reduce the number of animals used and refine the in vivo |
| 505 ## - FORMATTED CONTENTS NOTE |
| Title |
Reviewing Current Guidance for the ‘R’ of Replacement and Rethinking it with the ‘Replacement Checklist’ (pp. 72–83) / |
| Statement of responsibility |
Juliet P. Dukes, Amy Beale, and Celean Camp |
| 505 ## - FORMATTED CONTENTS NOTE |
| Title |
An Approach to Setting Vertebrate Animal-use Benchmarks for Agrochemical and GM Crop Testing to Facilitate Future Animal Reduction Efforts (pp. 84–97) / |
| Statement of responsibility |
Joseph Henriquez, Matthew Merrell, […], and Sean Gehen |
| 505 ## - FORMATTED CONTENTS NOTE |
| Title |
20 Years of Providing Custom Non-Animal-Derived Antibodies — A Review (pp. 168–174) / |
| Statement of responsibility |
John Cardone and Achim Knappik. |
| 650 ## - SUBJECT ADDED ENTRY--TOPICAL TERM |
| Topical term or geographic name entry element |
Biomedical research |
| Form subdivision |
Periodicals |
| 650 ## - SUBJECT ADDED ENTRY--TOPICAL TERM |
| Topical term or geographic name entry element |
Animals as alternatives in laboratoies |
| Form subdivision |
Periodicals |
| 942 ## - ADDED ENTRY ELEMENTS (KOHA) |
| Source of classification or shelving scheme |
|
| Koha item type |
SERIALS/JOURNALS |